<?xml version="1.0" encoding="UTF-8"?>
<record
    xmlns:xsi="http://www.w3.org/2001/XMLSchema-instance"
    xsi:schemaLocation="http://www.loc.gov/MARC21/slim http://www.loc.gov/standards/marcxml/schema/MARC21slim.xsd"
    xmlns="http://www.loc.gov/MARC21/slim">

  <leader>00541    a2200169   4500</leader>
  <controlfield tag="001">142146</controlfield>
  <datafield tag="040" ind1=" " ind2=" ">
    <subfield code="c">Leonardo Da Vinci</subfield>
  </datafield>
  <datafield tag="041" ind1=" " ind2=" ">
    <subfield code="a">Portugu&#xEA;s</subfield>
  </datafield>
  <datafield tag="082" ind1=" " ind2=" ">
    <subfield code="a">372.24 T327e</subfield>
    <subfield code="b">T327e</subfield>
  </datafield>
  <datafield tag="100" ind1=" " ind2=" ">
    <subfield code="a">TETRA PAK</subfield>
  </datafield>
  <datafield tag="245" ind1=" " ind2=" ">
    <subfield code="a">A embalagem e o ambiente</subfield>
  </datafield>
  <datafield tag="260" ind1=" " ind2=" ">
    <subfield code="b">Tetra Pak</subfield>
    <subfield code="c">1998</subfield>
    <subfield code="a">S&#xE3;o Paulo</subfield>
  </datafield>
  <datafield tag="300" ind1=" " ind2=" ">
    <subfield code="a">32</subfield>
  </datafield>
  <datafield tag="362" ind1=" " ind2=" ">
    <subfield code="a">19980000</subfield>
  </datafield>
  <datafield tag="697" ind1=" " ind2=" ">
    <subfield code="a">Ci&#xEA;ncias</subfield>
    <subfield code="a">Meio Ambiente</subfield>
    <subfield code="a">Ecologia</subfield>
    <subfield code="a">Lixo</subfield>
    <subfield code="a">Tratamento</subfield>
    <subfield code="a">Coleta</subfield>
    <subfield code="a">Reciclagem</subfield>
    <subfield code="a">Metal</subfield>
    <subfield code="a">Vidro</subfield>
    <subfield code="a">Pl&#xE1;stico</subfield>
    <subfield code="a">Papel</subfield>
    <subfield code="a">Embalagem</subfield>
    <subfield code="a">Educa&#xE7;&#xE3;o Ambiental</subfield>
    <subfield code="a">Cidadania</subfield>
    <subfield code="a">Ensino Fundamental 1. ciclo</subfield>
  </datafield>
  <datafield tag="942" ind1=" " ind2=" ">
    <subfield code="c">BK</subfield>
  </datafield>
  <datafield tag="952" ind1=" " ind2=" ">
    <subfield code="0">0</subfield>
    <subfield code="1">0</subfield>
    <subfield code="4">0</subfield>
    <subfield code="7">0</subfield>
    <subfield code="a">71.1</subfield>
    <subfield code="b">71.1</subfield>
    <subfield code="d">2024-03-27</subfield>
    <subfield code="l">0</subfield>
    <subfield code="o">372.24 T327e</subfield>
    <subfield code="p">O009485</subfield>
    <subfield code="r">2024-03-27 22:46:42</subfield>
    <subfield code="w">2024-03-27</subfield>
    <subfield code="y">BK</subfield>
  </datafield>
  <datafield tag="952" ind1=" " ind2=" ">
    <subfield code="0">0</subfield>
    <subfield code="1">0</subfield>
    <subfield code="4">0</subfield>
    <subfield code="7">0</subfield>
    <subfield code="a">71.1</subfield>
    <subfield code="b">71.1</subfield>
    <subfield code="d">2024-03-27</subfield>
    <subfield code="l">0</subfield>
    <subfield code="o">372.24 T327e</subfield>
    <subfield code="p">O009513</subfield>
    <subfield code="r">2024-03-27 22:46:42</subfield>
    <subfield code="w">2024-03-27</subfield>
    <subfield code="y">BK</subfield>
  </datafield>
  <datafield tag="952" ind1=" " ind2=" ">
    <subfield code="0">0</subfield>
    <subfield code="1">0</subfield>
    <subfield code="4">0</subfield>
    <subfield code="7">0</subfield>
    <subfield code="a">71.1</subfield>
    <subfield code="b">71.1</subfield>
    <subfield code="d">2024-03-27</subfield>
    <subfield code="l">0</subfield>
    <subfield code="o">372.24 T327e</subfield>
    <subfield code="p">O009516</subfield>
    <subfield code="r">2024-03-27 22:46:42</subfield>
    <subfield code="w">2024-03-27</subfield>
    <subfield code="y">BK</subfield>
  </datafield>
  <datafield tag="952" ind1=" " ind2=" ">
    <subfield code="0">0</subfield>
    <subfield code="1">0</subfield>
    <subfield code="4">0</subfield>
    <subfield code="7">0</subfield>
    <subfield code="a">71.1</subfield>
    <subfield code="b">71.1</subfield>
    <subfield code="d">2024-03-27</subfield>
    <subfield code="l">0</subfield>
    <subfield code="o">372.24 T327e</subfield>
    <subfield code="p">O009517</subfield>
    <subfield code="r">2024-03-27 22:46:42</subfield>
    <subfield code="w">2024-03-27</subfield>
    <subfield code="y">BK</subfield>
  </datafield>
  <datafield tag="952" ind1=" " ind2=" ">
    <subfield code="0">0</subfield>
    <subfield code="1">0</subfield>
    <subfield code="4">0</subfield>
    <subfield code="7">0</subfield>
    <subfield code="a">71.1</subfield>
    <subfield code="b">71.1</subfield>
    <subfield code="d">2024-03-27</subfield>
    <subfield code="l">0</subfield>
    <subfield code="o">372.24 T327e</subfield>
    <subfield code="p">O010882</subfield>
    <subfield code="r">2024-03-27 22:46:43</subfield>
    <subfield code="w">2024-03-27</subfield>
    <subfield code="y">BK</subfield>
  </datafield>
  <datafield tag="999" ind1=" " ind2=" ">
    <subfield code="c">142146</subfield>
    <subfield code="d">142146</subfield>
  </datafield>
</record>
